Quan niệm từ bi của đạo phật và ảnh hưởng của nó đối với nhân sinh quan người Việt

Khái quát tư tưởng phật giáo và tư tưởng từ bi trong nhân sinh quan phật giáo. Ảnh hưởng của tư tưởng từ bi đối với nhân sinh quan người Việt.

Đã lưu trong:
Bibliografiske detaljer
Hovedforfatter: Lê, Thị Phương (Tác giả)
Andre forfattere: Trần Ngọc Ánh T.S (Hướng dẫn)
Format: Bog
Sprog:Vietnamese
Udgivet: Đại học Đà Nẵng Đại học Sư phạm 2011
Fag:
Tags: Tilføj Tag
Ingen Tags, Vær først til at tagge denne postø!
Thư viện lưu trữ: Mạng thư viện Đại học Đà Nẵng
LEADER 01533nam a2200373 4500
001 000011757
003 8028
005 20120209150257.0
008 120209s2011 viesd
041 |a vie 
072 |a Khóa luận tốt nghiệp 
082 |a 294.307  |b LE-P 
100 |a Lê, Thị Phương  |e Tác giả 
245 |a Quan niệm từ bi của đạo phật và ảnh hưởng của nó đối với nhân sinh quan người Việt  |c Lê Thị Phương 
260 |a Đại học Đà Nẵng  |b Đại học Sư phạm  |c 2011 
300 |a 65 tr.  |c 29 cm 
500 |a Khóa luận tốt nghiệp khoa Giáo dục chính trị. Lớp 07 SGC 
520 |a Khái quát tư tưởng phật giáo và tư tưởng từ bi trong nhân sinh quan phật giáo. Ảnh hưởng của tư tưởng từ bi đối với nhân sinh quan người Việt. 
653 |a Quan niệm 
653 |a Từ bi 
653 |a Đạo phật 
653 |a Ảnh hưởng 
653 |a Nhân sinh quan 
700 |a Trần Ngọc Ánh  |c T.S  |e Hướng dẫn 
OWN |a LSP 
AVA |a UDN50  |b LSP  |d 294.307 LE-P  |e available  |t Error 5001 Not defined in file expand_doc_bib_avail.  |f 1  |g 0  |h N  |i 0  |k 1 
999 |a From the UDN01 
AVA |a UDN50  |b LSP  |d 294.307 LE-P  |e available  |t Error 5001 Not defined in file expand_doc_bib_avail.  |f 1  |g 0  |h N  |i 0  |k 1 
TYP |a Monograph 
TYP |a Printed language 
980 |a Mạng thư viện Đại học Đà Nẵng